000 01614nam a2200289 i 4500
003 DO-SdBNP
005 20250610101211.0
007 ta
008 250610b2024 dr ||||| |||| 00| 0 spa d
020 _a9789945509526
040 _aDO-SdBNP
_bspa
_cBNPHU
_erda
082 _axxxx
_bZ21
_222
100 1 _aZaíz Ortega, Melina
_eautora
_4aut.
_987219
245 0 _aLegislar los cuidados:
_bdel trabajo invisible hacia el derecho reconocido /
_cMelina Zaiz Ortega
264 _aSanto Domingo :
_bFundación Friedrich Ebert Stiftung,
_c2024.
300 _a17 páginas :
_c30 cm.
336 _atexto
_btxt
_2rdacontent
337 _asin mediación
_bn
_2rdamedia
338 _avolumen
_bnc
_2rdacarrier
490 1 _aAnálisis
500 _aIncluye datos biográficos de la autora en la última página.
504 _aBibliografía p: 17.
520 _aReconocer el derecho al cuidado como un derecho autónomo representa un punto de inflexión para lograr la igualdad de género y la progresividad de los derechos humanos. Para avanzar en la garantía del derecho al cuidado en República Dominicana se requiere analizar las leyes existentes y evaluar cómo estas impactan de manera diferenciado a hombres y mujeres en relación a las necesidades de cuidados y el acceso a otros derechos. Este estudio presenta una propuesta para la configuración jurídica de este derecho y medidas para asegurar que todas las personas puedan acceder y ejercer su derecho a cuidar, ser cuidado y auto cuidarse en condiciones de igualdad y dignidad
590 _aInventariado, 2025/ YL
910 _aYLockward
942 _2ddc
_cLF2
999 _c58444
_d58444